Beware Data Protection offer (Record no. 69307)
[ view plain ]
| 000 -LEADER | |
|---|---|
| fixed length control field | 00797cam a2200169 4500 |
| 001 - CONTROL NUMBER | |
| control field | WB3802-01 |
| 008 - FIXED-LENGTH DATA ELEMENTS--GENERAL INFORMATION | |
| fixed length control field | 020117n2002 000 0 eng u |
| 035 ## - SYSTEM CONTROL NUMBER | |
| System control number | (Sirsi) u116359 |
| 245 ## - TITLE STATEMENT | |
| Title | Beware Data Protection offer |
| 260 ## - PUBLICATION, DISTRIBUTION, ETC. | |
| Date of publication, distribution, etc. | 2002 |
| 490 ## - SERIES STATEMENT | |
| Series statement | Antiques Trade Gazette |
| Volume/sequential designation | (1522) 19 January 2002, 1&3(1) |
| 520 ## - SUMMARY, ETC. | |
| Summary, etc. | The antiques and fine art trade have been warned by government to beware of agencies attempting to cash in on the 1998 Data Protection Act at dealers' expense. Companies are offering to complete the act of registering with government for a cost beyond the original fee of £35 and are also contacting businesses that have no obligation to register under the act. |
| 590 ## - LOCAL NOTE (RLIN) | |
| Local note | WB |
| 650 ## - SUBJECT ADDED ENTRY--TOPICAL TERM | |
| Topical term or geographic name entry element | DATA PROTECTION ACT 1998 |
| 690 ## - LOCAL SUBJECT ADDED ENTRY--TOPICAL TERM (OCLC, RLIN) | |
| Topical term or geographic name as entry element | Arts and antiques |
| 9 (RLIN) | 6217 |
| 942 ## - ADDED ENTRY ELEMENTS (KOHA) | |
| Suppress in OPAC | 0 |
| Withdrawn status | Lost status | Source of classification or shelving scheme | Damaged status | Not for loan | Home library | Current library | Shelving location | Date acquired | Total Checkouts | Full call number | Barcode | Date last seen | Copy number | Price effective from | Koha item type |
|---|---|---|---|---|---|---|---|---|---|---|---|---|---|---|---|
| Dewey Decimal Classification | London | London | News article | 17/01/2002 | WB3802-01 | 116359-1001 | 06/08/2019 | 1 | 06/08/2019 | News article |